Flagi Australii i Oceanii - Statystyki

Ogólne statystyki
  • Ten quiz został rozwiązany 20 razy
  • Średni wynik to 13 z 14
Statystyki odpowiedzi
Obrazkowy Odpowiedź % Poprawnych
Australia
100%
Nauru
100%
Nowa zelandia
100%
Papua nowa gwinea
100%
Fidżi
94%
Samoa
94%
Tonga
94%
Wyspy Marshalla
94%
Kiribati
88%
Mikronezja
88%
Palau
88%
Vanuatu
88%
Tuvalu
81%
Wyspy Salomona
75%
Nie znaleziono quizów pasujących do podanych kryteriów
Rozkład punktacji
Procent ludzi z każdym wynikiem
Percentyl według liczby udzielonych odpowiedzi
Twoja historia wyników
Nie rozwiązałeś tego quizu